LEADER 01618nam a2200349 a 4500 001 000000125132 003 CaOOAMICUS 005 20110428111922.0 008 110428s2011 it u000 u ita r 020 $a978-88-343-2015-0 040 $aPUL$bita 100 1 $aLucioni, Alfredo.$0(OLS)http://pul/name/3999 245 10$aAnselmo IV da Bovisio arcivescovo di Milano (1097-1101) :$bepiscopato e societą urbana sul finire dell'XI secolo /$cAlfredo Lucioni. 260 $aMilano :$bVita e pensiero,$c©2011. 300 $a256 p. ;$c22 cm 490 1 $aStoria-ricerche 490 1 $aVita e pensiero universitą 500 $aInclude indice. 504 $aBibliografia: p. [201]-237. 600 04$aAnselmus,$cIV, arcivesc. di Milano,$dSec. XI-XII.$0(OLS)http://pul/subject/37602 651 4$aMilano$xStoria ecclesiastica$ySec. XII.$0(OLS)http://pul/subject/4729 830 0$aUniversitą (Vita e Pensiero).$0(OLS)http://pul/title/154439 830 0$aStoria e ricerche (Vita e Pensiero).$0(OLS)http://pul/title/131181 850 $aPUL 852 $aPUL$W1$xDP1 Cons. Gen., Altre Classi 1$y22$m389 C 46$j144053$qStampati$B143109$CPULBib$Z2$F143109 $H117018 $82 941 1 $a8 983 0$aVita e pensiero.$pUniversitą. 983 0$aV & P. Universitą. 996 $6020$a978-88-343-2015-0$9(OLS)http://pul/number/146988 996 $6245$aAnselmo IV da Bovisio arcivescovo di Milano (1097-1101) :$bepiscopato e societą urbana sul finire dell'XI secolo$9(OLS)http://pul/title/157754 996 $6260$aMilano :$bVita e pensiero$9(OLS)http://pul/publisher/48016 LEADER 01417nam a2200337 a 4500 001 000000152022 003 CaOOAMICUS 005 20160526095839.0 008 160526s2015 it u000 u ita r 020 $a978-88-7221-755-9* 032 $aLibriCat 040 $aPUL$bita 082 04$a254 100 1 $aLeonardo, Graziano.$0(OLS)http://pul/name/96733 245 12$aL'esercizio della corresponsabilitą nella nuova parrocchia / $cGraziano Leonardo ; prefazione (a cura di) Giovanni Tangorra. 260 $aReggio Calabria :$bLaruffa,$c2015. 300 $a166 p. ;$c23 cm. 490 1 $aDei et hominum ;$v10 500 $aNell'occhietto: "Collana". 504 $aBibliografia in nota. 650 4$aParrocchie.$0(OLS)http://pul/subject/16866 700 1 $aTangorra, Giovanni,$csac.$0(OLS)http://pul/name/39773 830 0$aDei et hominum ;$v10.$0(OLS)http://pul/title/189437 850 $aPUL 852 $aPUL$W1$xSL Religione 3$y85$m254 LEOGR 1$j174730$qDDC 21$B177285$CPULBib$Z2$F177285 $H127791 $81 941 1 $a9 996 $6020$a978-88-7221-755-9*$9(OLS)http://pul/number/160460 996 $6082$a254$9(OLS)http://pul/classification/2953 996 $6245$aL'esercizio della corresponsabilitą nella nuova parrocchia / $9(OLS)http://pul/title/191361 996 $6260$aReggio Calabria :$bLaruffa$9(OLS)http://pul/publisher/62651